Catálogo
 En Linea

Proyección de hogares : (Registro nro. 52391)

Detalles MARC
000 -CABECERA
campo de control de longitud fija 01542nam a2200313 i 4500
003 - IDENTIFICADOR DEL NÚMERO DE CONTROL
campo de control DO-SdBNP
005 - FECHA Y HORA DE LA ÚLTIMA TRANSACCIÓN
campo de control 20250221073756.0
007 - CAMPO FIJO DE DESCRIPCIÓN FÍSICA--INFORMACIÓN GENERAL
campo de control de longitud fija ta
008 - DATOS DE LONGITUD FIJA--INFORMACIÓN GENERAL
campo de control de longitud fija 220914e2010 dr adb|fr||||o001 0 spa d
020 ## - NÚMERO INTERNACIONAL ESTÁNDAR DEL LIBRO
Número Internacional Estándar del Libro 9789945917819
040 ## - FUENTE DE LA CATALOGACIÓN
Centro catalogador/agencia de origen DO-SdBNP
Lengua de catalogación spa
Centro/agencia transcriptor BNPHU
Normas de descripción rda
082 #4 - NÚMERO DE LA CLASIFICACIÓN DECIMAL DEWEY
Número de edición 22
Número de documento/Ítem R426p
110 1# - ENTRADA PRINCIPAL--NOMBRE DE ENTIDAD CORPORATIVA
Nombre de entidad corporativa o nombre de jurisdicción como elemento de entrada República Dominicana.
Unidad subordinada Oficina Nacional de Estadística
9 (RLIN) 5775
245 10 - MENCIÓN DE TÍTULO
Título Proyección de hogares :
Resto del título 2010 - 2025 /
264 ## - PRODUCCIÓN, PUBLICACIÓN, DISTRIBUCIÓN, FABRICACIÓN Y COPYRIGHT
Producción, publicación, distribución, fabricación y copyright Santo Domingo :
Nombre del de productor, editor, distribuidor, fabricante ONE,
Fecha de producción, publicación, distribución, fabricación o copyright [2010].
300 ## - DESCRIPCIÓN FÍSICA
Extensión 39 páginas
Otras características físicas ilustraciones, graficos mapas
Dimensiones 28 c.m
336 ## - TIPO DE CONTENIDO
Fuente rdacontent
Término de tipo de contenido texto
Código de tipo de contenido txt
337 ## - TIPO DE MEDIO
Fuente rdamedia
Nombre/término del tipo de medio sin mediación
Código del tipo de medio n
338 ## - TIPO DE SOPORTE
Fuente rdacarrier
Nombre/término del tipo de soporte volumen
Código del tipo de soporte nc
505 ## - NOTA DE CONTENIDO CON FORMATO
Nota de contenido con formato Presentación.
505 ## - NOTA DE CONTENIDO CON FORMATO
Nota de contenido con formato Introducción.
Título 1. Metodología.--
-- 1.1 Objetivos.--
-- 1.2 Introducción a la metodología.--
-- 1.3 Procedimiento del cálculo.--
-- 1.4 Características de los hogares a ser consideradas.--
-- 1.5 Fuentes de información.--
-- 1.6 Conceptos fundamentales.--
-- 1.7 Caracterización básica de los hogares dominicanos.--
-- 2. Principales resultados.--
-- 2.1 Resultados nacionales.--
-- 2.2 Resultados regionales.--
-- 2.3 Resultados provinciales.
650 #4 - PUNTO DE ACCESO ADICIONAL DE MATERIA--TÉRMINO DE MATERIA
9 (RLIN) 81380
Término de materia o nombre geográfico como elemento de entrada Encuestas de hogares
Subdivisión cronológica 2010 - 2025
Subdivisión geográfica República Dominicana
650 #4 - PUNTO DE ACCESO ADICIONAL DE MATERIA--TÉRMINO DE MATERIA
9 (RLIN) 53478
Término de materia o nombre geográfico como elemento de entrada Viviendas
Subdivisión general Censos
Subdivisión geográfica República Dominicana
650 ## - PUNTO DE ACCESO ADICIONAL DE MATERIA--TÉRMINO DE MATERIA
9 (RLIN) 32675
Término de materia o nombre geográfico como elemento de entrada Política Familiar
Subdivisión geográfica República Dominicana
651 #4 - PUNTO DE ACCESO ADICIONAL DE MATERIA--NOMBRE GEOGRÁFICO
9 (RLIN) 32161
Nombre geográfico República Dominicana
Subdivisión de forma Estadísticas
Subdivisión general Hogares
Subdivisión cronológica 2010 - 2025
710 1# - PUNTO DE ACCESO ADICIONAL--NOMBRE DE ENTIDAD CORPORATIVA
Nombre de entidad corporativa o nombre de jurisdicción como elemento de entrada República Dominicana.
Unidad subordinada Oficina Nacional de Estadística
9 (RLIN) 5775
910 ## - DATOS DE OPCIÓN DEL USUARIO (OCLC)
Datos de opción del usuario MFeliz
942 ## - ELEMENTOS DE PUNTO DE ACCESO ADICIONAL (KOHA)
Fuente del sistema de clasificación o colocación Dewey Decimal Classification
Tipo de ítem Koha Folleto
Existencias
Estado de retiro Estado de pérdida Fuente del sistema de clasificación o colocación Restricciones de uso No para préstamo Código de colección Localización permanente Ubicación/localización actual Ubicación en estantería Fecha de adquisición Fuente de adquisición Total de préstamos Signatura topográfica completa Código de barras Fecha visto por última vez Precio válido a partir de Tipo de ítem Koha Número de copia
    Dewey Decimal Classification Excluido de préstamo   Patrimonio Dominicano Biblioteca Nacional Pedro Henríquez Ureña Biblioteca Nacional Pedro Henríquez Ureña En catalogación 18.10.2019 Depósito legal / Editora Búho   BNPHU F-PD R426p 2022-3933 14.09.2022 14.09.2022 Folleto  
    Dewey Decimal Classification Excluido de préstamo   Dominicana Folletos Biblioteca Nacional Pedro Henríquez Ureña Biblioteca Nacional Pedro Henríquez Ureña En catalogación 18.10.2019 Depósito legal / Editora Búho   BNPHU F-PD R426p 2022-3934 14.09.2022 14.09.2022 Folleto e.2
    Dewey Decimal Classification Excluido de préstamo   Dominicana de Servicio Biblioteca Nacional Pedro Henríquez Ureña Biblioteca Nacional Pedro Henríquez Ureña En catalogación 18.10.2019 Depósito legal / Editora Búho   BNPHU F-DS R426p 2022-3935 14.09.2022 14.09.2022 Folleto e.3
    Dewey Decimal Classification Excluido de préstamo   Dominicana de Servicio Biblioteca Nacional Pedro Henríquez Ureña Biblioteca Nacional Pedro Henríquez Ureña En catalogación 18.10.2019 Depósito legal / Editora Búho   BNPHU F-DS R426p 2024-0521 31.01.2024 14.09.2022 Folleto e. 4
    Dewey Decimal Classification Excluido de préstamo   Dominicana de Servicio Biblioteca Nacional Pedro Henríquez Ureña Biblioteca Nacional Pedro Henríquez Ureña En catalogación 18.10.2019 Depósito legal / Editora Búho   BNPHU F-DS R426p 2024-0522 31.01.2024 14.09.2022 Folleto e. 5

Con tecnología Koha